|
|
|
|
| LEADER |
00000naa2a2200000 4500 |
| 001 |
427297 |
| 005 |
20231101074631.0 |
| 035 |
|
|
|a (RuTPU)RU\TPU\prd\86439
|
| 035 |
|
|
|a RU\TPU\prd\38514
|
| 090 |
|
|
|a 427297
|
| 100 |
|
|
|a 20100907a2004 k y0rusy50 ca
|
| 101 |
0 |
|
|a rus
|
| 102 |
|
|
|a RU
|
| 200 |
1 |
|
|a Рентгеновский фотохронограф РФР-4
|f В. П. Лазарчук, Д. Н. Литвин, В. М. Муругов и др.
|
| 225 |
1 |
|
|a Общая экспериментальная техника
|
| 320 |
|
|
|a Библиогр.: 9 назв.
|
| 461 |
|
0 |
|0 (RuTPU)RU\TPU\prd\300
|x 0032-8162
|t Приборы и техника эксперимента
|f Российская академия наук
|d 1956-
|
| 463 |
|
0 |
|0 (RuTPU)RU\TPU\prd\86394
|t № 2
|v с. 128-132
|d 2004
|
| 610 |
1 |
|
|a рентгеновские фотохронографы
|
| 610 |
1 |
|
|a щелевые развертки
|
| 610 |
1 |
|
|a изображения
|
| 610 |
1 |
|
|a регистрация
|
| 610 |
1 |
|
|a описания приборов
|
| 610 |
1 |
|
|a вакуумные затворы
|
| 610 |
1 |
|
|a лазерные установки
|
| 610 |
1 |
|
|a регистрирующие приборы
|
| 610 |
1 |
|
|a параметры
|
| 701 |
|
1 |
|a Лазарчук
|b В. П.
|
| 701 |
|
1 |
|a Литвин
|b Д. Н.
|
| 701 |
|
1 |
|a Муругов
|b В. М.
|
| 701 |
|
1 |
|a Петров
|b С. И.
|
| 701 |
|
1 |
|a Прянишников
|b И. Г.
|
| 701 |
|
1 |
|a Сеник
|b А. В.
|
| 801 |
|
1 |
|a RU
|b 63413507
|c 20050927
|g PSBO
|
| 801 |
|
2 |
|a RU
|b 63413507
|c 20100907
|g RCR
|
| 942 |
|
|
|c BK
|